| 000 | 00694nam a2200205 a 4500 | ||
|---|---|---|---|
| 005 | 20140310183133.0 | ||
| 008 | 000523s19uu xx 00 eng d | ||
| 020 | _a0-13-037466-0 | ||
| 050 |
_aRC 1210 _b.R68 1998 |
||
| 100 | _aIrvin, Richard | ||
| 245 |
_aSports medicine : _bprevention, assessment, management, and rehabilitation of athletic injuries / _cRichard Irvin, Duane Iversen and Steven Roy. |
||
| 250 | _a2nd ed. | ||
| 260 |
_aUSA : _bAllyn & Bacon, _c1998. |
||
| 300 |
_a588 p. : _bill. ; _c28 cm. |
||
| 500 | _aIncludes bibliographic references and index. | ||
| 650 | _aSports medicine | ||
| 650 | _aPhysical education and training | ||
| 942 |
_cBK _2lcc _kFOR |
||
| 999 |
_c19218 _d19218 |
||